000 00243nam a2200097Ia 4500
005 20251222114406.0
008 251222s1900||||xx |||||||||||||| ||spa||
082 _aDVD0040/R47/2002
245 0 _aMonte Cristo:The Count of Monte Cristo
942 _cDVD
999 _c1827
_d1827